CEMP Properties Ltd v Dentsply Research and Development Corp (Record no. 20182)

MARC details
000 -LEADER
fixed length control field 01604cab a2200241 4500
001 - CONTROL NUMBER
control field ABS41412
008 - FIXED-LENGTH DATA ELEMENTS--GENERAL INFORMATION
fixed length control field 090401t1989 xxu||||| |||| 00| 0 eng d
035 ## - SYSTEM CONTROL NUMBER
System control number (Sirsi) u29989
041 ## - LANGUAGE CODE
Language code of text/sound track or separate title eng
245 ## - TITLE STATEMENT
Title CEMP Properties Ltd v Dentsply Research and Development Corp
260 ## - PUBLICATION, DISTRIBUTION, ETC.
Date of publication, distribution, etc. 1989
350 ## - PRICE (NR) (BK AM CF MU VM SE) [OBSOLETE]
Price 0
490 ## - SERIES STATEMENT
Series statement Estates Gazette
Volume/sequential designation (1989) 37 EG 133-136(3)
520 ## - SUMMARY, ETC.
Summary, etc. ChD 21 March 1989. The third stage in proceedings brought by purchaser (C), against vendor (D). The first two stages established D`s liability under the Misrepresentation Act 1967 and quantification of damages awarded to C for misrepresentation . The third stage, relates to a third party claim against D`s solicitors (S). The point at issue is whether S was liable to indemnify D against costs, and damages awarded to C. S contended that such an indemnity amounted to unjust enrichment for D. D`s claim was based on: 1) the liability of an agent to indemnify his principle in respect of damages suffered, through the agent`s failure to exercise due care or skill and 2) the provisions of the Civil Liability (Contribution) Act 1978 s1(1). ChD rejected the suggestion that to indemnify D against the award of damages would be unjust enrichment, as the award was not based on calculations of market value, but on extra costs incurred by C. ChD found S to be liable on the first of the two points; S
650 ## - SUBJECT ADDED ENTRY--TOPICAL TERM
Topical term or geographic name entry element DENTON HALL AND BURGIN
650 ## - SUBJECT ADDED ENTRY--TOPICAL TERM
Topical term or geographic name entry element LIABILITY
650 ## - SUBJECT ADDED ENTRY--TOPICAL TERM
Topical term or geographic name entry element RIGHT TO AIR
650 ## - SUBJECT ADDED ENTRY--TOPICAL TERM
Topical term or geographic name entry element RIGHT TO LIGHT
650 ## - SUBJECT ADDED ENTRY--TOPICAL TERM
Topical term or geographic name entry element VENDOR AND PURCHASER
690 ## - LOCAL SUBJECT ADDED ENTRY--TOPICAL TERM (OCLC, RLIN)
Topical term or geographic name as entry element LAND-CASE LAW
942 ## - ADDED ENTRY ELEMENTS (KOHA)
Suppress in OPAC 0
948 ## - LOCAL PROCESSING INFORMATION (OCLC); SERIES PART DESIGNATOR (RLIN)
c (OCLC) 04/03/1997
Holdings
Withdrawn status Lost status Source of classification or shelving scheme Damaged status Not for loan Home library Current library Shelving location Date acquired Total Checkouts Full call number Barcode Date last seen Copy number Price effective from Koha item type
    Dewey Decimal Classification     London London Journal article 14/09/1999   ABS41412 29989-1001 06/08/2019 1 06/08/2019 Law report